Smallest Pokémon - Statistics

General Stats
  • This quiz has been taken 78 times
    44 since last reset
  • The average score is 8 of 34
Answer Stats
Size Generation Pokémon % Correct
0’04” 5 (Unova) Joltik
81%
0’08” 7 (Alola) Cosmog
59%
0’04” 7 (Alola) Cosmoem
56%
0’04” 6 (Kalos) Flabébé
44%
0’08” 1 (Kanto) Diglett
41%
0’08” 4 (Sinnoh) Burmy
38%
0’04” 7 (Alola) Cutiefly
34%
0’08” 5 (Unova) Tynamo
31%
0’04” 7 (Alola) Comfey
28%
0’08” 7 (Alola) Wishiwashi
28%
0’08” 9 (Paldea) Flittle
25%
0’08” 9 (Paldea) Rellor
25%
0’08” 4 (Sinnoh) Budew
22%
0’08” 6 (Kalos) Floette
22%
0’08” 6 (Kalos) Klefki
22%
0’08” 9 (Paldea) Nymble
22%
0’08” 7 (Alola) Ribombee
22%
0’08” 4 (Sinnoh) Chingling
19%
0’08” 6 (Kalos) Dedenne
19%
0’04” 9 (Paldea) Gimmighoul
19%
0’08” 7 (uhhh real world?) Meltan
19%
0’08” 3 (Hoenn) Azurill
16%
0’08” 7 (Alola) Morelull
16%
0’08” 4 (Sinnoh) Shaymin
16%
0’08” 6 (Kalos) Spritzee
16%
0’08” 8 (Galar) Applin
13%
0’08” 5 (Unova) Foongus
13%
0’08” 2 (Johto) Natu
13%
0’08” 8 (Galar) Rookidee
13%
0’08” 9 (Paldea) Shroodle
13%
0’04” 8 (Galar) Sinistea
13%
0’08” 8 (Galar) Milcery
9%
0’08” 7 (Alola) Mimikyu
9%
0’08” 8 (Galar) Polteageist
9%
No matching quizzes found
Score Distribution
Percent of People with Each Score
Percentile by Number Answered
Your Score History
You have not taken this quiz since the last reset